000 00906 a2200445 4500
000 BKB
001 071875
005 20200902151105.0
008
010 _a
020 _a
082 _a005.133
_bR18P
100 1 _aRath, Amiya Kumar
110 _a
245 1 _aProgramming in C
_cby Amiya Kumar Rath and Alok Kumar Jagadev
250 _a2nd ed.
260 _aChennai
_bScientific Publishers
_c2011
300 _aVP
490 _a
_v
500 _a
600 _a
610 _a
611 _a
630 _a
650 _a
651 _a
654 _a
690 _aC (Computer program language)
700 _aJagadev, Alok Kumar
_b
_c
710 _a
_b
_c
711 _a
720 _a
730 _a
740 _a
752 _a
856 _a
_d
_f
904 _a
964 _a
_b
_c
_d
_e
_f
_g
965 _a
999 _c5142
_d5142